000 00493cam a22002171 4500
001 sa 64000588
003 DLC
005 20260227111957.0
008 890829q19001964ii 000 1 hino
010 _asa 64000588
035 _a(OCoLC)20277818
040 _aDLC
_cWaU
_dDLC
042 _apremarc
050 0 0 _aPK2098.C47
_bL3
100 0 _aJarāsandha,
_d1904-
245 1 0 _aLauha kapāṭa.
260 _c[19--
300 _av.
_c19 cm.
500 _aIn Hindi.
500 _aA novel.
999 _c56329
_d56329